Normale Ansicht MARC-Ansicht ISBD

Als Frankfurt Vorreiter beim Impfen war. (Titelsatznr. 371140)

[ MARC ]
MARC-Details
000 -Satzkennung
Kontrollfeld mit fester Länge 01011nam a22002177a 4500
008 - Feld mit fester Länge zur physischen Beschreibung - Allgemeine Angaben
Kontrollfeld mit fester Länge 201127b ||||| |||| 00| 0 eng d
040 ## - Katalogisierungsquelle
Original-Katalogisierungsstelle DE-2950
Katalogisierungssprache ger
Übertragungsstelle DE-2950
Beschreibungsfestlegungen rda
041 ## - Sprachcode
Sprachcode des Textes/der Tonspur oder des separaten Titels ger
100 ## - Person oder Familie als 1. geistiger Schöpfer
Personenname Targiel, Ralf-Rüdiger:
245 ## - Titel
Haupttitel Als Frankfurt Vorreiter beim Impfen war.
Titelzusatz Geschichte: In der Oderstadt impfte der Arzt Johann Gottfried Simon bereits 1801 gegen die Pocken. Um der hochinfektiösen, tödlichen Krankheit Herr zu werden, erließ die Bezirksregierung 1826 faktisch eine Impfpflicht. Denn Skeptiker und Verweigerer gab es damals schon /
Verantwortlichkeitsangabe Ralf-Rüdiger Targiel
264 ## - Veröffentlichungsangabe, Vertriebsangabe, Herstellungsangabe
Erscheinungs-, Vertriebs-, Herstellungsdatum 2021
653 ## - Lokales Schlagwort
Nicht-normierter Term Frankfurt (Oder)
653 ## - Lokales Schlagwort
Nicht-normierter Term Pandemie / Pocken
653 ## - Lokales Schlagwort
Nicht-normierter Term Impfpflicht
653 ## - Lokales Schlagwort
Nicht-normierter Term Simon, Johann Gottfried. Chirurg 15.05.1768 - 20.04.1833
773 ## - Übergeordnete Einheit
Ort, Verlag und Erscheinungsjahr Frankfurt (Oder) Märkisches Verlags- und Druckhaus GmbH & Co KG
Titel Märkische Oderzeitung
Verknüpfungsangaben 32. Jahrgang (2021) Nr. 282 vom 02.12.2021, S. 16
942 ## - Zusätzliche Felder (Koha)
Koha-Medientyp Aufsätze
Exemplare
Ausgeschieden Verloren Beschädigt Nicht entleihbar Permanenter Standort Aktueller Standort Aufstellungsort Eingabedatum Anzahl Ausleihen Signatur Letzte Aktivität Preis gültig von Medientyp
        Stadtarchiv Frankfurt (Oder) | Archivbibliothek Stadtarchiv Frankfurt (Oder) | Archivbibliothek Magazin 07/12/2021   Z2 07/12/2021 07/12/2021 Aufsätze